000 01499nam a2200385 c 4500
003 BLK
005 20240918165611.0
008 180411b bul|||||r ||||||| ||bul||
010 _aKNG00214783000
020 _a978-954-2998-21-1
_bиздат.: Балон
040 _aBLK
041 _aBUL
_cBUL
072 7 _2bullib
_aН85
_xДетска художествена литература Н
080 _aЛитература на отделни езици и езикови семейства
_b821
_x-93-91
_z821-93-91
700 1 _aИванова, Виктория
_eлит. обраб.
_9364880
700 1 _aДобрева, Магдалена
_eил.
_9370526
139 _aСпящата красавица
_bС 59
245 1 0 _aСпящата красавица
_cлит. обраб. Виктория Иванова; ил. Магдалена Добрева.
257 _aSB
260 София
_bБалон
_c2014
300 _a8 с.
_bс цв. ил.
_c24 см
380 _aDX
490 1 _aЛюбими приказки
500 _aБез сведение за ориг. загл.
653 _aприказки
653 _aлитература за деца
653 _aдетска литература
659 _aН
852 _aЦб 288448
856 4 _qpdf
_u
856 4 _qpdf
_u
942 _cKNG
_n0
_04
944 _aCR
_c05.12.2017
_lГрета Цуфелде
_k30537
944 _aED
_c09.02.2018
_lф /
_kЛюдмила_Стоянова
999 _c205179
_d205179